| 000 | 00497nam a2200181 a 4500 | ||
|---|---|---|---|
| 005 | 20140310183542.0 | ||
| 008 | 110820s19uu xx 00 eng d | ||
| 020 | _a9780199580729 | ||
| 050 |
_aG 103.5 _b.St68 2010 |
||
| 100 | _aStalker, Peter | ||
| 245 |
_aOxford guide to countries of the world / _cPeter Stalker. |
||
| 250 | _a3rd ed. | ||
| 260 |
_aNew York : _bOxford University Press, _c2010. |
||
| 300 |
_a421 p. : _c20 cm. |
||
| 650 | _aGeography | ||
| 942 |
_cBK _2lcc |
||
| 999 |
_c24813 _d24813 |
||